000 00667nam a2200217 4500
003 LK-CoMWRAF
005 20230902124113.0
008 230902b2010 |||||||| |||| 00| 0 eng d
020 _a9781849300179
040 _aLK-CoMWRAF
_dLK-CoMWRAF
_eLK-CoMWRAF
041 _aeng
082 _a332
_bISL
245 _aIslamic finance:
_binstruments and markets
260 _a London:
_bBloomsbury,
_c2010
300 _ax, 227 p. : ill. ; 25 cm.
_bIndex included
650 _aINTERNATIONAL FINANCE
650 _aBanks and banking -- Religious aspects -- Islam;
650 _aFinance (Islamic law);
650 _aBusiness & Economics -- Corporate Finance;
942 _cBK
999 _c3369
_d3369